00715 a2200229 4500502002600000653002600026100003700052245012300089300001500212650001200227650002300239650000900262650001100271650001800282650001400300650001600314130000700330710009700337653002300434651001000457651001800467 aThèse de 3è cycle1 aSciences agronomiques aHounzangbé, Mawulé M. Sylvie aEtude du cycle oestraf et de l'anoestrus post-partum chez la brebis djallonké infestée (strongylose et coccidiose) aVII-126 p. aELEVAGE aPRODUCTION ANIMALE aOVIN aBREBIS aCYCLE OESTRAL aOVULATION aFECONDATION lFr aAbidjan, Université nationale de Côte d'Ivoire, Faculté des Sciences et Techniques, CI 1aProduction animale aBENIN aCOTE D'IVOIRE